| 000 | 00570nam a22001457a 4500 | ||
|---|---|---|---|
| 020 | _a978-0-671-79298-5 | ||
| 082 |
_a823 _bKEE/N |
||
| 100 | _aKEENE, CAROLYN | ||
| 245 | _aNANCY DREW - CRIME IN THE QUEEN'S COURT | ||
| 260 |
_aNEW YORK _bALADDIN PAPERBACKS _c2002 |
||
| 300 | _a152 | ||
| 520 | _aNancy joins an Elizabethan troupe as a lady to the queen's court. There are performances and feasts, but the true drama unfolds when Nancy learns that she, the queen, and the entire festival have been targeted for sabotage. | ||
| 650 |
_aMYSTERY _zUNITED STATES |
||
| 942 | _cBK | ||
| 999 |
_c7888 _d7888 |
||